[Event "Défi"]
[Site "www.echecsemail.com"]
[Date "2026.01.09"]
[Round "1"]
[White "Tartu"]
[Black "Snarf"]
[WhiteElo "1720"]
[BlackElo "1720"]
[Result "1-0"]
1.e4 e5
2.f4 Qd8h4
3.g3 Qh4f6
4.Qd1f3 exf4
5.Qf3xf4 Qf6xf4
6.gxf4 Bf8b4
7.Ng1f3 a6
8.c3 Bb4a5
9.d4 Nb8c6
10.Bf1c4 h6
11.Bc1e3 d6
12.Nb1d2 Bc8g4
13.h3 Bg4d7
14.O-O-O f6
15.Nf3h4 Ng8e7
16.d5 O-O-O
17.dxc6 Bd7xc6
18.Rh1g1 Rd8e8
19.Bc4f7 Re8d8
20.Rg1xg7 Rd8d7
21.Bf7e6 Rh8e8
22.Rd1g1 Kd8
23.Be6xd7 Kxd7
24.Nh4f5 Kd8
25.Rg1e1 Bc6xe4
26.Nd2xe4 Ne7xf5
27.Ne4xf6 Re8xe3
28.Re1xe3 Nf5xe3
29.Rg7h7 Ne3f5
30.b4 Ba5b6
31.Kc2 Bb6e3
32.Nf6d5 Be3b6
33.Nd5xb6 cxb6
34.Kb3 Kc8
35.a4 a5
36.b5 Kb8
37.Kc4 Nf5e3
38.Kd4 Ne3f5
39.Kd5 Kc8
40.Ke6 Kd8
41.Kxf5 { abandon }1-0

[Event "XERTIGNY  VOSGES"]
[Site "www.echecsemail.com"]
[Date "2026.01.09"]
[Round "1"]
[White "Mindthegap"]
[Black "Petitlulu64"]
[WhiteElo "1500"]
[BlackElo "1760"]
[Result "0-1"]
1.e4 e5
2.Ng1f3 Ng8f6
3.Bf1c4 Bf8d6
4.Nb1c3 O-O
5.d3 Bd6b4
6.Nf3xe5 d6
7.Bc4xf7 Rf8xf7
8.Ne5xf7 Kxf7
9.O-O Bb4xc3
10.bxc3 Kg8
{ abandon }0-1

[Event "Eq:Vikings-modesty :"]
[Site "www.echecsemail.com"]
[Date "2026.01.09"]
[Round "1"]
[White "Zax"]
[Black "Tombelaine"]
[WhiteElo "2300"]
[BlackElo "2230"]
[Result "1-0"]
1.e4 c6
2.d4 d5
3.exd5 cxd5
4.Bf1d3 Ng8f6
5.Bc1f4 Nb8c6
6.c3 Bc8g4
7.Qd1b3 Qd8c8
8.Nb1d2 e6
9.Ng1f3 Bf8e7
10.O-O O-O
11.Nf3e5 Bg4h5
12.Qb3c2 Bh5g6
13.Ne5xg6 hxg6
14.Nd2f3 a6
15.Qc2d2 b5
16.Rf1e1 Nf6h5
17.Bf4e3 Qc8c7
18.g3 Rf8c8
19.h4 b4
20.Ra1c1 bxc3
21.Rc1xc3 Qc7d8
22.a3 Nh5f6
23.Qd2e2 a5
24.Bd3a6 Nf6e4
25.Rc3c2 Ne4d6
26.Ba6xc8 Ra8xc8
27.Re1c1 Nc6a7
28.Rc2xc8 Nd6xc8
29.Qe2a6 Kh7
30.Nf3e5 { abandon }1-0

[Event "Défi( 10J+24H/c 10J Max )"]
[Site "www.echecsemail.com"]
[Date "2026.01.09"]
[Round "1"]
[White "Poison"]
[Black "Minon"]
[WhiteElo "1100"]
[BlackElo "1930"]
[Result "0-1"]
1.Nb1c3 e5
2.d3 d6
3.Ng1f3 Nb8c6
4.Bc1d2 Bc8f5
5.e4 Bf5g4
6.Bf1e2 h6
7.Bd2e3 Bf8e7
8.O-O Qd8d7
9.Nc3b5 a6
10.Nb5c3 g5
11.Nc3d5 Ng8f6
12.Nd5xe7 Qd7xe7
13.a3 O-O-O
14.Nf3d2 Bg4xe2
15.Qd1xe2 d5
16.Nd2b3 dxe4
17.Nb3c5 Nc6d4
18.Nc5xe4 Nf6xe4
19.Be3xd4 c5
20.Qe2xe4 cxd4
21.Qe4e2 f5
22.Qe2f3 Qe7e6
23.c4 g4
24.Qf3e2 f4
25.b3 f3
26.Qe2d2 fxg2
27.Kxg2 Qe6f5
28.Qd2b4 Qf5f3
29.Kg1 h5
30.Qb4c5 Qf3c6
31.Qc5xc6 bxc6
32.f3 gxf3
33.Rf1xf3 Rd8g8
34.Kf1 Rg8g4
35.Ke2 Rg4g2
36.Kd1 Rg2xh2
37.Rf3f5 Rh2h1
38.Kc2 Rh1xa1
39.Rf5xe5 h4
40.Re5e4 h3
41.Re4xd4 h2
42.Rd4d6 h1Q
43.Rd6xc6 Qh1xc6
44.Kc3 Qc6f6
45.Kb4 Qf6b6
46.Ka4 Ra1b1
47.b4 Qb6e3
48.Ka5 Qe3xd3
49.Kxa6 Qd3xc4
50.Ka5 Rh8h5
51.Ka4 Qc4a6
0-1

[Event "Eq:Les Gens du Sud-au plaisir du jeux  :"]
[Site "www.echecsemail.com"]
[Date "2026.01.09"]
[Round "1"]
[White "39wx"]
[Black "Tolia59"]
[WhiteElo "1590"]
[BlackElo "2010"]
[Result "0-1"]
1.e4 c5
2.Nb1c3 Nb8c6
3.d3 e6
4.Ng1f3 d6
5.Bc1e3 a6
6.a3 b5
7.Bf1e2 Bc8b7
8.O-O Ng8f6
9.h3 Bf8e7
10.Nc3b1 O-O
11.Nb1d2 d5
12.e5 Nf6d7
13.c3 Nc6xe5
14.Nf3xe5 Nd7xe5
15.Nd2f3 Ne5g6
16.Rf1e1 Ra8c8
17.Be3d2 Be7d6
18.Be2f1 Bd6b8
19.Ra1c1 Qd8c7
20.g3 e5
21.Bf1g2 Rc8d8
22.Qd1e2 Rf8e8
23.Qe2d1 e4
24.dxe4 dxe4
25.Nf3h2 e3
26.Re1xe3 Re8xe3
27.fxe3 Qc7xg3
28.Qd1e2 Qg3xh2
29.Kf1 Bb7xg2
30.Qe2xg2 Qh2xg2
31.Kxg2 Rd8xd2
{ abandon }0-1

[Event "Défi"]
[Site "www.echecsemail.com"]
[Date "2026.01.09"]
[Round "1"]
[White "Den"]
[Black "Majula"]
[WhiteElo "1900"]
[BlackElo "1620"]
[Result "1-0"]
1.f4 d5
2.d4 Bc8f5
3.Ng1f3 e6
4.e3 h6
5.Bf1e2 Nb8c6
6.O-O g5
7.c3 Bf8g7
8.Qd1b3 b6
9.Be2b5 Qd8d7
10.Nf3e5 Bg7xe5
11.fxe5 Ng8e7
12.a4 a5
13.Nb1d2 O-O
14.Qb3d1 Kg7
15.g4 Bf5d3
16.Bb5xd3 f5
17.gxf5 exf5
18.Rf1f2 f4
19.exf4 g4
20.Nd2f1 h5
21.Rf2g2 Ne7f5
22.h3 Nf5h4
23.Rg2g3 Nh4f3
24.Qd1xf3 Kh6
25.f5 Kg7
26.hxg4 h4
27.Rg3h3 Rf8h8
28.f6 Kf7
29.Bd3f5 Qd7d8
30.Bc1g5 Qd8g8
31.e6 Kf8
32.e7 Nc6xe7
33.fxe7 Ke8
34.Bg5xh4 c6
35.Ra1e1 Ra8a7
36.Qf3f4 Ra7b7
37.Qf4d6 Qg8g7
38.Bf5g6 { abandon }1-0

[Event "Tournoi n27238"]
[Site "www.echecsemail.com"]
[Date "2026.01.09"]
[Round "1"]
[White "Lancien57"]
[Black "Sergesee"]
[WhiteElo "1480"]
[BlackElo "1440"]
[Result "1-0"]
1.e4 Nb8c6
2.d4 g6
3.Ng1f3 d6
4.Nb1c3 a6
5.Bf1e2 Ng8f6
6.Bc1d2 Bc8d7
7.d5 Nc6a7
8.h3 Bf8g7
9.Qd1c1 c6
10.a3 cxd5
11.exd5 e6
12.dxe6 Bd7xe6
13.O-O Na7c6
14.Rf1e1 d5
15.b3 Qd8d6
16.Be2d3 h5
17.Bd2e3 O-O-O
18.Be3f4 Qd6c5
19.Qc1b2 h4
20.Bf4e3 Qc5d6
21.Be3g5 Rd8e8
22.Bg5xh4 Rh8h5
23.Bh4g3 Qd6c5
24.b4 Qc5b6
25.Nc3e2 Re8g8
26.Ne2f4 Rh5h6
27.c3 Be6d7
28.Nf3d4 g5
29.Nf4e2 Rg8h8
30.Nd4f5 Rh6h7
31.Nf5e3 Nf6g4
32.Bd3xh7 Ng4xf2
33.Bg3xf2 Rh8xh7
34.Ne3xd5 Qb6d8
35.Ne2g3 Kb8
36.Bf2b6 Qd8h8
37.Bb6c7 Ka7
38.Bc7b6 Kb8
39.Qb2d2 Bd7e6
40.Ra1c1 g4
41.hxg4 Be6xg4
42.Bb6c7 Ka7
43.Qd2e3 b6
44.Qe3xb6 Ka8
45.Qb6xc6 Ka7
46.Qc6b6 Ka8
47.Qb6xa6 1-0

[Event "Défi"]
[Site "www.echecsemail.com"]
[Date "2026.01.09"]
[Round "1"]
[White "Arno"]
[Black "Pgo"]
[WhiteElo "1780"]
[BlackElo "1710"]
[Result "0-1"]
1.d4 d5
2.Ng1f3 Bc8g4
3.Nb1d2 e6
4.c4 Bf8b4
5.Qd1a4 Nb8c6
6.Nf3e5 Bb4xd2
7.Bc1xd2 Bg4f5
8.Ne5xc6 Qd8d7
9.b3 bxc6
10.e3 Ng8f6
11.Bf1e2 Nf6e4
12.Ra1d1 O-O
13.O-O h6
14.Bd2b4 Rf8b8
15.f3 Ne4d6
16.Be2d3 Bf5xd3
17.Rd1xd3 Nd6f5
18.Bb4e1 Qd7d6
19.Be1b4 Qd6d7
20.Bb4c5 Rb8b7
21.e4 dxe4
22.fxe4 Nf5d6
23.Bc5xd6 cxd6
24.Rd3f3 f6
25.Qa4a3 a5
26.Qa3b2 a4
27.Qb2d2 axb3
28.axb3 Ra8a3
29.Rf3g3 Ra3xb3
30.Rg3g4 e5
31.dxe5 dxe5
32.Qd2xh6 Qd7xg4
{ abandon }0-1

[Event "Défi( 10J+24H/c 10J Max )"]
[Site "www.echecsemail.com"]
[Date "2026.01.09"]
[Round "1"]
[White "Gimick"]
[Black "Rocinante"]
[WhiteElo "1540"]
[BlackElo "1560"]
[Result "0-1"]
1.e4 e5
2.Ng1f3 Nb8c6
3.Bf1c4 Bf8c5
4.d3 d6
5.Bc4xf7 Kxf7
6.Nf3g5 Kf8
7.Nb1c3 Qd8f6
8.Nc3d5 Qf6xf2
0-1

[Event "Défi"]
[Site "www.echecsemail.com"]
[Date "2026.01.09"]
[Round "1"]
[White "Malvina"]
[Black "Whisky"]
[WhiteElo "1290"]
[BlackElo "1340"]
[Result "1-0"]
1.d4 d5
2.g3 Ng8f6
3.Bf1g2 g6
4.Nb1c3 c6
5.Qd1d3 Bf8g7
6.Ng1f3 O-O
7.Bc1f4 Bc8f5
8.Qd3d2 Nb8a6
9.Nf3h4 b5
10.Nh4xf5 gxf5
11.b3 Nf6e4
12.Qd2d3 Qd8d7
13.O-O e5
14.Bf4d2 Ne4xc3
15.Bd2xc3 e4
16.Qd3d2 b4
17.Bc3xb4 Na6xb4
18.Qd2xb4 Ra8b8
19.Qb4c5 Rb8b5
20.Qc5c3 Rf8c8
21.a4 Rb5b6
22.a5 Rb6b5
23.e3 Rc8b8
24.a6 Rb8b6
25.h4 Qd7c8
26.Rf1e1 Rb6xa6
27.Bg2f1 Ra6xa1
28.Re1xa1 a5
29.Bf1xb5 Qc8e6
30.Bb5xc6 Bg7f8
31.Ra1xa5 Qe6d6
32.Bc6e8 Qd6d8
33.Qc3c6 Qd8xa5
34.Qc6f6 Qa5c7
35.Qf6g5 Bf8g7
36.Qg5xf5 Qc7e7
37.Be8b5 Qe7b7
38.Bb5e2 Qb7c6
39.c4 h6
40.cxd5 Qc6c1
41.Kg2 Qc1c2
42.Be2c4 Qc2a2
43.Kh3 Qa2a6
44.d6 Qa6xd6
45.Qf5xf7 { abandon }1-0

[Event "Tournoi n27330"]
[Site "www.echecsemail.com"]
[Date "2026.01.09"]
[Round "1"]
[White "Wenoketo"]
[Black "Lancien57"]
[WhiteElo "1670"]
[BlackElo "1480"]
[Result "1-0"]
1.d4 d5
2.Ng1f3 Nb8c6
3.Bc1f4 Ng8f6
4.e3 e6
5.h3 Bf8e7
6.Nb1c3 a6
7.Bf1e2 Bc8d7
8.O-O O-O
9.a3 Nf6h5
10.Bf4h2 Nh5f6
11.Ra1c1 h6
12.b4 b5
13.Be2d3 Rf8e8
14.Nc3e2 Nc6a7
15.Nf3e5 c6
16.Ne5xd7 Qd8xd7
17.c3 Na7c8
18.Bd3b1 Nc8b6
19.Bb1a2 Nb6c4
20.Ba2xc4 bxc4
21.Qd1c2 a5
22.Rc1a1 a4
23.Bh2e5 Nf6e4
24.Ra1a2 f6
25.Be5h2 Qd7b7
26.Ra2a1 f5
27.Bh2e5 Be7f6
28.Be5xf6 gxf6
29.Ne2f4 Kg7
30.Ra1c1 Kh7
31.Nf4e2 Re8g8
32.Kh1 Rg8g7
33.Ne2f4 Ra8e8
34.Qc2e2 e5
35.Nf4h5 Rg7g6
36.f3 Ne4g5
37.Qe2f2 exd4
38.exd4 Qb7d7
39.Rc1e1 Re8xe1
40.Rf1xe1 Qd7f7
41.Qf2e2 Ng5e6
42.Qe2xe6 Qf7xe6
43.Re1xe6 Kg8
44.Re6xc6 Kf7
45.b5 Ke7
46.Rc6a6 Rg6g5
47.Nh5f4 h5
48.Nf4xd5 Kf7
49.Ra6xf6 Kg7
50.Rf6a6 f4
51.Nd5xf4 h4
52.Nf4e6 Kg6
53.Ne6xg5 Kxg5
54.Ra6xa4 Kf4
55.b6 Ke3
56.b7 Kd3
57.b8Q Kxc3
58.Qb8b4 Kd3
59.Qb4xc4 Ke3
60.Qc4c3 Kf4
61.d5 Kf5
62.Qc3d3 Ke5
63.Qd3e4 Kd6
64.Ra4a5 Kd7
65.Qe4e6 Kc7
66.Ra5a7 Kb8
67.Ra7h7 Ka8
68.Qe6e8 1-0

[Event "Défi( 10J+24H/c 10J Max )"]
[Site "www.echecsemail.com"]
[Date "2026.01.09"]
[Round "1"]
[White "4x4"]
[Black "Lancien57"]
[WhiteElo "1500"]
[BlackElo "1480"]
[Result "0-1"]
1.e4 e5
2.Ng1f3 d6
3.d3 Bf8e7
4.Nb1c3 h6
5.Bc1e3 Ng8f6
6.Qd1d2 Bc8e6
7.O-O-O Nb8c6
8.Bf1e2 O-O
9.h3 a6
10.Nc3d5 Be6xd5
11.exd5 Nf6xd5
12.g4 Nd5xe3
13.fxe3 Be7f6
14.c3 Rf8e8
15.Kc2 Bf6g5
16.Nf3xg5 Qd8xg5
17.Be2f3 f5
18.Rh1g1 e4
19.Bf3e2 Re8f8
20.d4 f4
21.Be2c4 Kh8
22.Rd1e1 f3
23.Qd2f2 Nc6a5
24.Bc4b3 Na5xb3
25.axb3 d5
26.c4 dxc4
27.bxc4 c6
28.Re1f1 b6
29.b4 a5
30.b5 cxb5
31.c5 bxc5
32.dxc5 Ra8c8
33.Kb3 Qg5d5
34.Kb2 Qd5xc5
35.Rf1c1 Qc5b4
36.Ka1 Qb4a4
37.Qf2a2 Rc8xc1
38.Rg1xc1 Qa4xa2
39.Kxa2 f2
40.Rc1f1 Rf8f3
41.Kb2 Rf3xe3
42.Rf1xf2 Re3xh3
43.Rf2e2 Rh3g3
44.Re2xe4 b4
45.Re4e5 Rg3xg4
46.Re5xa5 g6
47.Ra5a6 Kg7
48.Kb3 g5
49.Ra6b6 Rg4f4
50.Ka4 h5
51.Ka5 g4
52.Kb5 b3
53.Kc5 Rf4f3
54.Kd5 g3
55.Ke4 Rf3c3
56.Kd4 Rc3f3
57.Ke4 Rf3f2
58.Rb6xb3 g2
59.Ke3 g1Q
60.Rb3b5 Rf2b2
61.Kd3 Rb2xb5
62.Kc4 Qg1c5
63.Kd3 Rb5b3
64.Ke4 Rb3e3
65.Kf4 Qc5e5
0-1

[Event "Coupe Niveau 4"]
[Site "www.echecsemail.com"]
[Date "2026.01.09"]
[Round "1"]
[White "Tartu"]
[Black "Carrighir"]
[WhiteElo "1750"]
[BlackElo "2100"]
[Result "0-1"]
1.d4 f5
2.Ng1f3 e6
3.c3 Ng8f6
4.Bc1g5 Bf8e7
5.e3 O-O
6.Bf1d3 d5
7.Nb1d2 Nf6e4
8.Bg5xe7 Qd8xe7
9.Nf3e5 Nb8d7
10.Nd2f3 c5
11.dxc5 Nd7xc5
12.Bd3xe4 fxe4
13.Nf3d2 Qe7f6
14.Ne5g4 Nc5d3
{ abandon }0-1

[Event "VIC LA GARDIOLE"]
[Site "www.echecsemail.com"]
[Date "2026.01.09"]
[Round "1"]
[White "Orosco"]
[Black "Qsdmlk"]
[WhiteElo "2280"]
[BlackElo "1550"]
[Result "1-0"]
1.e4 e5
2.Ng1f3 Nb8c6
3.Nb1c3 Ng8f6
4.d4 exd4
5.Nf3xd4 Bf8c5
6.Nd4xc6 bxc6
7.Bc1g5 O-O
8.Bf1d3 Bc5d4
9.O-O Qd8e8
10.Nc3a4 Ra8b8
11.c3 Bd4e5
12.f4 Be5d6
13.e5 Nf6d5
14.exd6 cxd6
15.Bd3e4 Nd5e3
16.Qd1xd6 Ne3xf1
17.Qd6xb8 Qe8xe4
18.Ra1xf1 Qe4xa4
19.a3 Bc8a6
20.Qb8b4 Qa4c2
21.Rf1e1 Qc2d2
22.Bg5h4 d6
23.Bh4g3 c5
24.Qb4b3 Ba6c8
25.Re1d1 Qd2e2
26.Rd1e1 Qe2d2
27.Re1d1 Qd2e3
28.Kf1 Rf8e8
29.Qb3c2 Bc8a6
30.c4 Qe3e6
31.b3 Ba6b7
32.a4 Qe6e3
33.Rd1e1 Qe3e4
34.Re1xe4 Bb7xe4
35.Qc2d2 Re8d8
36.Qd2e3 Rd8e8
37.Kf2 Kf8
38.Qe3c3 Be4g6
39.f5 Bg6xf5
40.Bg3xd6 Kg8
41.Bd6xc5 a6
42.Qc3a5 Bf5g4
43.Bc5e3 h6
44.Qa5xa6 Bg4d1
45.Qa6b5 Re8d8
46.a5 Rd8d3
47.Qb5e8 { abandon }1-0

[Event "Transval 2"]
[Site "www.echecsemail.com"]
[Date "2026.01.09"]
[Round "1"]
[White "Turbo"]
[Black "Patau"]
[WhiteElo "1280"]
[BlackElo "1690"]
[Result "0-1"]
1.d4 d5
2.Ng1f3 Ng8f6
3.h3 e6
4.a3 c5
5.dxc5 Bf8xc5
6.b4 Bc5d6
7.Bc1g5 Nb8c6
8.e3 O-O
9.Bf1d3 Nc6e5
10.Nf3d2 Ne5xd3
11.cxd3 h6
12.Bg5xf6 Qd8xf6
13.Ra1a2 Bc8d7
14.O-O Qf6g6
15.Qd1f3 Qg6xd3
16.Qf3d1 e5
17.Qd1h5 Qd3g6
18.Qh5h4 e4
19.f3 Bd6g3
20.Qh4e7 Bd7xh3
21.Nd2xe4 Bg3d6
22.Qe7xf8 Kxf8
23.Ne4xd6 Qg6xd6
24.Rf1f2 Bh3e6
25.Nb1c3 a6
26.Ra2d2 Ra8d8
27.e4 d4
28.Nc3e2 d3
29.Ne2g3 Qd6d4
30.Ng3f1 Qd4a1
31.f4 Qa1xa3
32.f5 Be6c4
33.Nf1e3 Bc4b5
34.Rd2a2 Qa3xb4
35.Ra2a1 d2
36.Ra1d1 Qb4xe4
37.Ne3f1 Bb5xf1
38.Rf2xd2 Rd8xd2
{ abandon }0-1

[Event "Tournoi n27341"]
[Site "www.echecsemail.com"]
[Date "2026.01.09"]
[Round "1"]
[White "Tizi"]
[Black "Tiounet"]
[WhiteElo "1700"]
[BlackElo "1650"]
[Result "1-0"]
1.Ng1f3 b5
2.e4 Bc8b7
3.e5 a6
4.a4 b4
5.c3 bxc3
6.dxc3 g6
7.Bf1e2 Bf8g7
8.b4 e6
9.a5 Ng8e7
10.Bc1f4 O-O
11.O-O Nb8c6
12.Nb1d2 d6
13.exd6 cxd6
14.Nd2e4 Ne7d5
15.Ne4xd6 Nd5xc3
16.Qd1c2 Nc3xe2
17.Kh1 Ne2xf4
18.Nd6xb7 Qd8c7
19.Ra1c1 Qc7xb7
20.Qc2e4 Nf4d5
21.Rc1c4 Ra8b8
22.Rf1c1 Nc6xb4
23.Rc1b1 Qb7c7
24.Rc4xc7 Nd5xc7
25.Rb1xb4 Nc7d5
26.Rb4xb8 Rf8xb8
27.g3 Rb8b2
28.Qe4c4 Rb2xf2
29.Nf3g5 h6
30.Ng5e4 Rf2f1
31.Qc4xf1 h5
32.Qf1xa6 { abandon }1-0

[Event "Coupe Niveau 7"]
[Site "www.echecsemail.com"]
[Date "2026.01.09"]
[Round "1"]
[White "Berniz"]
[Black "Nicodemouscron"]
[WhiteElo "2170"]
[BlackElo "2120"]
[Result "1-0"]
1.e4 c5
2.Ng1f3 d6
3.d4 cxd4
4.Nf3xd4 Ng8f6
5.Nb1c3 a6
6.Bf1e2 e5
7.Nd4b3 Bc8e6
8.Bc1g5 Bf8e7
9.Bg5xf6 Be7xf6
10.Be2g4 Be6c4
11.Nb3d2 Qd8c7
12.Nd2xc4 Qc7xc4
13.Qd1xd6 Qc4c6
14.O-O-O Qc6xd6
15.Rd1xd6 Nb8c6
16.Nc3d5 Bf6g5
17.Kb1 Ra8d8
18.Rd6xd8 Kxd8
19.Rh1d1 Ke8
20.Nd5c7 Ke7
21.Rd1d7 Kf6
22.Nc7d5 Kg6
23.Rd7xb7 { abandon }1-0

[Event "Tournoi échelle champions"]
[Site "www.echecsemail.com"]
[Date "2026.01.09"]
[Round "1"]
[White "Luc20"]
[Black "Darkknight99"]
[WhiteElo "1870"]
[BlackElo "1980"]
[Result "1-0"]
1.d4 d5
2.Ng1f3 c6
3.Bc1f4 Ng8f6
4.Nb1d2 e6
5.e3 Bf8d6
6.Bf4g5 Nb8d7
7.c4 c5
8.b3 O-O
9.Bf1e2 h6
10.Bg5h4 cxd4
11.Nf3xd4 Bd6e7
12.O-O Nd7c5
13.b4 Nc5e4
14.Nd2xe4 Nf6xe4
15.Bh4xe7 Qd8xe7
16.c5 Bc8d7
17.Qd1c2 Ra8c8
18.f3 Ne4f6
19.Rf1d1 Qe7e8
20.a4  { temps }1-0

[Event "Défi"]
[Site "www.echecsemail.com"]
[Date "2026.01.09"]
[Round "1"]
[White "Tartu"]
[Black "Den"]
[WhiteElo "1670"]
[BlackElo "1880"]
[Result "0-1"]
1.c4 e6
2.Nb1c3 c6
3.d4 d5
4.Ng1f3 Ng8f6
5.Bc1f4 Bf8e7
6.h3 Qd8b6
7.Ra1b1 O-O
8.c5 Qb6d8
9.e3 Nb8d7
10.Bf1d3 Nf6h5
11.Bf4h2 f5
12.Nf3e5 Nh5f6
13.O-O Nf6e4
14.Bd3xe4 fxe4
15.Ne5xd7 Bc8xd7
16.b4 Be7f6
17.a4 Qd8e8
18.f4 Qe8f7
19.b5 g6
20.bxc6 Bd7xc6
21.Nc3b5 Bf6e7
22.Qd1g4 a6
23.Nb5c3 Be7f6
24.a5 Ra8e8
25.Bh2g3 Qf7g7
26.Bg3h4 Bf6xd4
27.exd4 Qg7xd4
28.Kh1 Qd4xc3
29.Rf1c1 Qc3xa5
30.Kh2 Qa5c7
31.Bh4g3 Rf8f5
32.Rb1b6 Re8f8
33.Qg4e2 Rf5xf4
34.Bg3xf4 Qc7xf4
35.Kh1 Qf4xc1
{ abandon }0-1

[Event "Tournoi n27129"]
[Site "www.echecsemail.com"]
[Date "2026.01.09"]
[Round "1"]
[White "Lancien57"]
[Black "Daimyo"]
[WhiteElo "1500"]
[BlackElo "1530"]
[Result "0-1"]
1.e4 e5
2.Ng1f3 d6
3.Nb1c3 c6
4.d4 Qd8c7
5.Bf1e2 Ng8f6
6.dxe5 dxe5
7.Bc1d2 Bf8b4
8.a3 Bb4xc3
9.Bd2xc3 O-O
10.h3 Bc8e6
11.Qd1d2 Nf6xe4
12.Qd2e3 Ne4xc3
13.bxc3 Nb8d7
14.O-O f6
15.Rf1d1 Nd7b6
16.Qe3e4 Ra8d8
17.Rd1xd8 Qc7xd8
18.Be2d3 g6
19.a4 Be6d5
20.Qe4e3 h5
21.Bd3xg6 Bd5xf3
22.Qe3xf3 Nb6d5
23.Bg6f5 Qd8e8
24.a5 a6
25.c4 Nd5f4
26.h4 Rf8f7
27.g3 Rf7g7
28.Kh2 Nf4e6
29.Bf5xe6 Qe8xe6
30.c5 Qe6g4
31.Qf3xg4 Rg7xg4
32.f3 Rg4c4
33.Ra1a2 Rc4xc5
34.g4 hxg4
35.fxg4 Kg7
36.Kg3 Kh6
37.g5 fxg5
38.hxg5 Kxg5
39.Kf3 Kf5
40.Ke3 Rc5d5
41.Ra2a4 Rd5c5
42.c4 Ke6
43.Ra4b4 Rc5xa5
44.Rb4xb7 Ra5c5
45.Kd3 a5
46.Rb7a7 e4
47.Kxe4 Rc5xc4
48.Kd3 Rc4a4
49.Kc3 Kd5
50.Kb3 Ra4a1
51.Kb2 Ra1h1
52.Ra7xa5 c5
53.Kc3 Rh1h3
54.Kc2 Kd4
55.Ra5a4 c4
56.Kb2 Rh3h2
57.Kc1 Kd3
58.Ra4a3 c3
59.Kb1 Kc4
60.Ra3a4 Kb3
61.Ra4a8 Rh2h1
0-1

[Event "VIC LA GARDIOLE"]
[Site "www.echecsemail.com"]
[Date "2026.01.09"]
[Round "1"]
[White "Tartu"]
[Black "Mindthegap"]
[WhiteElo "1690"]
[BlackElo "1440"]
[Result "1-0"]
1.e4 e5
2.Ng1f3 Nb8c6
3.Nb1c3 Ng8f6
4.d4 exd4
5.Nf3xd4 Bf8b4
6.Nd4xc6 bxc6
7.Bf1d3 O-O
8.O-O d5
9.exd5 cxd5
10.Bc1d2 c5
11.a3 Bb4a5
12.Nc3b5 Ba5xd2
13.Qd1xd2 c4
14.Bd3e2 Ra8b8
15.a4 a6
16.Nb5a3 Rb8xb2
17.Rf1b1 Nf6e4
18.Qd2e3 Rf8e8
19.Rb1xb2 d4
20.Qe3f4 Qd8f6
21.Qf4xf6 Ne4xf6
22.Be2xc4 Nf6e4
23.f3 Ne4d2
24.Rb2b8 { abandon }1-0

[Event "Défi( 10J+24H/c 10J Max )"]
[Site "www.echecsemail.com"]
[Date "2026.01.09"]
[Round "1"]
[White "Titit1"]
[Black "Luc20"]
[WhiteElo "1500"]
[BlackElo "1840"]
[Result "1-0"]
1.e4 e6
2.d4 d5
3.e5 c5
4.Bf1b5 Nb8c6
5.Ng1f3 Bc8d7
6.Nb1c3 a6
7.Bb5e2 b5
8.O-O c4
9.b3 Bf8b4
10.Nc3b1 Ng8e7
11.c3 Bb4a5
12.b4 Ba5c7
13.Bc1f4 Ne7g6
14.Bf4e3 a5
15.Nb1d2 axb4
16.Qd1c1 O-O
17.Be3g5 Qd8c8
18.Nf3h4 Bc7a5
19.Bg5e3 Ng6xh4
20.Be3g5 Nh4g6
21.Nd2f3 bxc3
22.a3 Qc8b7
23.Ra1b1 b4
24.axb4 Ba5xb4
25.Qc1e3 Ra8a3
26.h4 c2
27.Rb1c1 Ra3xe3
28.Bg5xe3 Rf8a8
29.Rc1xc2 Ra8a3
30.h5 Ng6e7
31.Kh2 Ne7f5
32.Be3d2 Bb4xd2
33.Nf3xd2 Nc6xd4
34.Rc2c1 Nd4xe2
35.Rc1e1 Ne2f4
36.Rf1g1 Nf5h6
37.Re1b1 Qb7a7
38.Nd2f3 Qa7xf2
39.Rb1b8 { abandon }1-0

[Event "Défi"]
[Site "www.echecsemail.com"]
[Date "2026.01.09"]
[Round "1"]
[White "Kawa750"]
[Black "Tunnellavage"]
[WhiteElo "1750"]
[BlackElo "1760"]
[Result "1-0"]
1.e4 e5
2.Nb1c3 Ng8f6
3.Ng1f3 Nb8c6
4.Bf1c4 Bf8c5
5.d3 h6
6.Nc3d5 d6
7.Nd5xf6 Qd8xf6
8.Bc1e3 Nc6a5
9.Bc4b3 Na5xb3
10.axb3 Bc5b6
11.Be3xb6 cxb6
12.O-O O-O
13.h3 Bc8e6
14.Nf3h2 Rf8c8
15.b4 Qf6g5
16.Kh1 Rc8f8
17.Nh2g4 h5
18.Ng4h2 f5
19.exf5 Be6xf5
20.g4 hxg4
21.Nh2xg4 Bf5e6
22.Qd1e2 Rf8f4
23.f3 Ra8f8
24.Qe2g2 Kf7
25.Qg2g3 Rf8h8
26.Kg2 Rf4xb4
27.Ra1xa7 Be6d5
28.c4 Bd5c6
29.Rf1b1 Qg5d2
30.Ng4f2 Rb4xb2
31.Rb1xb2 Qd2xb2
32.h4 Qb2d2
33.Kh3 Rh8h6
34.Ra7a3 Rh6g6
35.Nf2g4 Qd2b2
36.Ra3a8 Qb2e2
37.h5 Rg6g5
38.Kh4 Rg5f5
39.Ng4h2 Rf5f6
40.Nh2g4 Rf6xf3
41.Ng4h6 { abandon }1-0

[Event "Défi( 10J+24H/c 10J Max )"]
[Site "www.echecsemail.com"]
[Date "2026.01.09"]
[Round "1"]
[White "Marathonman"]
[Black "Titit1"]
[WhiteElo "2040"]
[BlackElo "1380"]
[Result "1-0"]
1.e4 c6
2.d4 e6
3.Ng1f3 Bf8b4
4.Bc1d2 Bb4e7
5.a3 d5
6.e5 Nb8d7
7.Bf1d3 Qd8c7
8.O-O c5
9.c3 c4
10.Bd3c2 h6
11.b3 Qc7b6
12.b4 a5
13.a4 Qb6c7
14.Nb1a3 b6
15.Na3b5 Qc7b8
16.Bd2f4 axb4
17.cxb4 Be7xb4
18.h3 Ng8e7
19.Nb5d6 Bb4xd6
20.exd6 Ne7c6
21.Qd1b1 O-O
22.Qb1b5 Bc8b7
23.Rf1b1 Bb7a6
24.Qb5xc6 Ba6b7
25.Qc6xd7 Bb7a6
26.Qd7c7 Qb8b7
27.Qc7xb7 Ba6xb7
28.Rb1xb6 Ra8b8
29.d7 Rb8d8
30.Rb6xb7 f6
31.Bc2g6 Rd8c8
32.dxc8Q Rf8xc8
33.Rb7b8 Rc8xb8
34.Bf4xb8 Kf8
35.Bb8d6 Kg8
36.a5 f5
37.a6 c3
38.a7 e5
39.a8R 1-0

[Event "Tournoi n27371"]
[Site "www.echecsemail.com"]
[Date "2026.01.09"]
[Round "1"]
[White "Wenoketo"]
[Black "Tiounet"]
[WhiteElo "1640"]
[BlackElo "1660"]
[Result "1-0"]
1.d4 b5
2.Ng1f3 Bc8b7
3.e3 a6
4.Bf1e2 g6
5.O-O Bf8g7
6.Nb1d2 Ng8f6
7.c3 O-O
8.Ra1b1 d6
9.Nd2b3 Nb8d7
10.Nb3a5 Bb7c8
11.Na5c6 Qd8e8
12.Nc6b4 c5
13.dxc5 Nd7xc5
14.Nb4d3 Nc5e4
15.Nf3d2 Ne4xd2
16.Bc1xd2 Bc8b7
17.Nd3e1 Nf6e4
18.Ne1f3 Ne4xd2
19.Nf3xd2 Qe8c6
20.Be2f3 Qc6c7
21.Bf3xb7 Qc7xb7
22.Qd1f3 Qb7xf3
23.Nd2xf3 Ra8c8
24.Nf3d4 Rf8e8
25.Rb1d1 e5
26.Nd4b3 Re8d8
27.Rd1d5 Rc8c4
28.Rf1d1 Rc4c6
29.Nb3a5 Rc6b6
30.Na5b3 Bg7f8
31.Kf1 Rd8a8
32.Nb3d2 Ra8c8
33.Nd2e4 Rc8d8
34.h3 f5
35.Ne4g3 e4
36.Ng3e2 Rb6c6
37.Ne2d4 Rc6c4
38.Nd4e6 Rd8d7
39.Ne6xf8 Kxf8
40.Rd5xd6 Rd7xd6
41.Rd1xd6 Rc4a4
42.a3 Ke7
43.Rd6b6 Kf7
44.Rb6b7 Kg8
45.Ke2 h5
46.f4 Ra4c4
47.Rb7b6 Rc4a4
48.Rb6xg6 Kf7
49.Rg6g5 Kf6
50.Rg5xh5 Ra4c4
51.Rh5h6 Kg7
52.Rh6xa6 Rc4c5
53.Ra6a7 Kf6
54.Kd2 Kg6
55.g4 fxg4
56.hxg4 Rc5d5
57.Ke2 { abandon }1-0

[Event "Suisse Sep25 R8"]
[Site "www.echecsemail.com"]
[Date "2026.01.09"]
[Round "1"]
[White "Picasso"]
[Black "Dedechecs"]
[WhiteElo "2110"]
[BlackElo "2200"]
[Result "0-1"]
1.e4 c5
2.Ng1f3 Nb8c6
3.Bf1b5 g6
4.c3 Bf8g7
5.d4 cxd4
6.cxd4 d5
7.e5 Bc8g4
8.Bb5xc6 bxc6
9.Bc1f4 e6
10.Nb1c3 Ng8e7
11.O-O O-O
12.Nc3a4 Ra8b8
13.Ra1b1 Ne7f5
14.Na4c5 Bg4xf3
15.gxf3 Rb8b4
16.Bf4e3 Qd8h4
17.Nc5b3 Qh4h3
18.Be3f4 Nf5h4
{ abandon }0-1

[Event "Tournoi n27377"]
[Site "www.echecsemail.com"]
[Date "2026.01.09"]
[Round "1"]
[White "Wenoketo"]
[Black "Tiounet"]
[WhiteElo "1640"]
[BlackElo "1690"]
[Result "1-0"]
1.d4 b5
2.Ng1f3 Bc8b7
3.e3 a6
4.Bf1e2 g6
5.O-O Bf8g7
6.c3 Ng8f6
7.Nb1d2 O-O
8.Ra1b1 d6
9.b4 Nb8d7
10.Bc1b2 Ra8c8
11.a3 c5
12.Rf1e1 cxd4
13.cxd4 Nf6d5
14.Rb1c1 Nd7b6
15.Rc1xc8 Qd8xc8
16.Qd1c1 Qc8xc1
17.Re1xc1 Rf8c8
18.Rc1xc8 Bb7xc8
19.Kf1 Bc8b7
20.Be2d3 Nb6a4
21.Bb2a1 f6
22.Nf3e1 Na4c3
23.Ba1xc3 Nd5xc3
24.Ne1c2 e5
25.dxe5 dxe5
26.Bd3e2 Nc3xe2
27.Kxe2 Bb7xg2
28.f3 Bg2h3
29.e4 Bh3e6
30.Nd2b1 f5
31.Nb1d2 f4
32.Nc2e1 h5
33.Ne1d3 Kf7
34.Nd3c5 Be6c8
35.Nd2b3 g5
36.Nb3a5 Kg6
37.h3 g4
38.fxg4 hxg4
39.hxg4 Kg5
40.Na5c6 Kxg4
41.Nc6e7 Kg3
42.Ne7xc8 Kg2
43.Nc5d3 f3
44.Ke1 Bg7h6
45.Nc8d6 Bh6e3
46.Nd6f7 Be3d4
47.Nf7xe5 f2
48.Nd3xf2 Bd4xf2
49.Ke2 Bf2d4
50.Ne5c6 Bd4b2
51.e5 Bb2xa3
52.e6 { abandon }1-0

[Event "Eq:Royal Kids-LES CHATTERBOX :"]
[Site "www.echecsemail.com"]
[Date "2026.01.09"]
[Round "1"]
[White "Janolapin"]
[Black "Manulatus"]
[WhiteElo "1690"]
[BlackElo "1880"]
[Result "0-1"]
1.e4 e6
2.d4 d5
3.e5 c5
4.c3 Nb8c6
5.Ng1f3 Qd8b6
6.dxc5 Bf8xc5
7.Qd1c2 Ng8e7
8.Bf1d3 Ne7g6
9.O-O Bc8d7
10.Rf1e1 O-O
11.Qc2e2 Ra8c8
12.b4 Bc5e7
13.Bc1e3 Qb6c7
14.Be3d4 Ng6f4
15.Qe2d2 Nf4xd3
16.Qd2xd3 a6
17.Nb1d2 Nc6xd4
18.Qd3xd4 Qc7xc3
19.Qd4xc3 Rc8xc3
20.a3 Bd7a4
21.Re1c1 Rf8c8
22.Rc1xc3 Rc8xc3
23.Kf1 Rc3c2
24.Ke1 Rc2c3
25.Nd2b1 Rc3c2
26.Nb1d2 h6
27.Nd2f1 f6
28.Nf1e3 Rc2c3
29.Nf3d2 fxe5
30.Ne3g4 e4
31.h3 Be7d6
32.Ng4e3 Bd6f4
33.g3 Bf4xe3
34.fxe3 Rc3xe3
35.Kf2 Re3d3
36.Nd2f1 Rd3f3
{ abandon }0-1

[Event "Michael Tal 29"]
[Site "www.echecsemail.com"]
[Date "2026.01.09"]
[Round "1"]
[White "Ficherre"]
[Black "Youliyouli"]
[WhiteElo "2130"]
[BlackElo "1880"]
[Result "1-0"]
1.e4 e5
2.Ng1f3 Nb8c6
3.Bf1c4 Bf8c5
4.d4 exd4
5.c3 Qd8e7
6.cxd4 Qe7xe4
7.Bc1e3 Bc5b4
8.Nb1c3 Bb4xc3
9.bxc3 d5
10.Bc4d3 Qe4g4
11.Qd1e2 Bc8e6
12.h3 Qg4h5
13.O-O-O f6
14.Be3f4 Qh5f7
15.Rh1e1 Kd7
16.Bf4xc7 Kxc7
17.Qe2xe6 Qf7xe6
18.Re1xe6 Ra8c8
19.Rd1e1 Ng8h6
20.Bd3b5 Kb8
21.Kd2 Nh6f7
22.Bb5xc6 Rc8xc6
23.Re6xc6 bxc6
24.Re1e7 Rh8f8
25.Kd3 g5
26.g4 h6
27.Nf3d2 Nf7d6
28.Re7d7 Nd6f7
29.f3 a5
30.a4 Ka8
31.Nd2b3 f5
32.Nb3xa5 fxg4
33.Na5xc6 Nf7e5
34.dxe5 Rf8xf3
35.Ke2 { abandon }1-0